000 00843nam a22002057a 4500
003 OSt
005 20250911163342.0
008 240221b ||||| |||| 00| 0 eng d
040 _c0
082 _aDPer 621.317 Ie21 May 2022 v. 37 n. 5
100 _aZhang, Kun.
_eauthor.
_952863
245 _aHigh-attenuation wideband active common-mode EMI filter section /
_cKun Zhang, Ke-Wei Wang, and Henry Shu-Hung Chung.
260 _aNew York ;
_bThe Institute of Electrical and Electronics Engineers, Inc. ,
_cMay 2022.
300 _aVolume 37, pages 5479-5490 :
_billustration ;
_c28 cm.
500 _aIEEE Transactions on Power Electronics, vol. 37, no. 5, pages 5479-5490, May 2022.
700 _aZhang, Kun.
_eauthor.
_952863
700 _aWang, Ke-Wei.
_eauthor.
_952864
700 _aChung, Henry Shu-Hung.
_eauthor.
_952865
942 _2ddc
_cPER
999 _c19249
_d19249